| 000 | 00583nam a2200181 a 4500 | ||
|---|---|---|---|
| 001 | 000024369 | ||
| 005 | 20200930022943.0 | ||
| 008 | 110126s1999 pe a r 000 0 spa d | ||
| 020 | _a9972603164 | ||
| 040 |
_aDO-SdBNP _bspa _cBNPHU |
||
| 082 |
_annnn _bB197v |
||
| 100 | 1 |
_aBaltes, Peter, _d1935- _949977 |
|
| 245 | 1 | 3 |
_aLa vida buena : _bteoría crítica del vivir / _cPeter Baltes. |
| 260 |
_aLima, Perú : _bUniversidad del Pácifico, _c1999. |
||
| 300 |
_a167 p. : _bil. ; _c21 cm. |
||
| 504 | _aIncluye referencias bibliográficas y notas al pie de las páginas. | ||
| 049 | _aBNGR | ||
| 999 |
_c23862 _d23862 |
||